Bilecik Bilecik Bilecik Bilecik Bilecik

Atatürkçülük (ikinci kitap) Atatürk ve Atatürkçülüğe ilişkin makaleler Genelkurmay Başkanlığında hazırlanmıştır/ (Record no. 25550)

MARC details
000 -BAŞLIK
Sabit Uzunluktaki Kontrol Alanı 01428nam a22003737a 4500
001 - KONTROL NUMARASI
Control Dosyası 0025603
003 - KONTROL NUMARASI KİMLİĞİ
Kontrol Alanı KOHA_MİRAKIL
005 - EN SON İŞLEM TARİHİ ve ZAMANI
Kontrol Alanı 20260207002507.0
007 - FİZİKSEL TANIM SABİT ALAN - GENEL BİLGİ
Sabit uzunluklu kontrol alanı ta
008 - SABİT UZUNLUKTAKİ VERİ ÖGELERİ - GENEL BİLGİ
Sabit Alan 101206b1998 tu |||gr||||#0|||0|tur |
020 ## - ISBN - ULUSLARARASI STANDART KİTAP NUMARASI
Isbn 9751116139
Nitelik bilgileri (Tk.No) 9751116155
-- (c.2)
Kullanılabilirlik koşulları 0,01
040 ## - KATALOGLAMA KAYNAĞI
Özgün Kataloglama Kurumu TR-BiSEU
Kataloglama Dili tur
Çeviri Kurumu TR-BiSEU
Açıklama Kuralları rda
041 0# - DİL KODU
Metin ya da ses kaydının dil kodu tur
044 ## - YAYINLAYAN/ÜRETEN KURULUŞUN ÜLKE KODU
ISO country code tu
050 ## - SINIFLAMA ve YER NUMARASI
Sınıflama Numarası DR592.A8
Yer Numarası A83 1998
245 0# - ESER ADI BİLDİRİMİ
Başlık Atatürkçülük (ikinci kitap) Atatürk ve Atatürkçülüğe ilişkin makaleler Genelkurmay Başkanlığında hazırlanmıştır/
Sorumluluk Bildirimi edt. Genelkurmay Başkanlığı..
264 #1 - ÜRERİM, YAYIN, DAĞITIM ve TELİF BİLDİRİMİ
Yayın yeri İstanbul :
Yayınlayan Milli Eğitim Basımevi
Yayın tarihi 1998
300 ## - FİZİKSEL TANIMLAMA
Sayfa, Cilt vb. ıv, 388 s. 27 cm.
336 ## - İÇERİK TÜRÜ
Content type term metin
Content type code txt
Source rdacontent
337 ## - MEDYA TÜRÜ
Media type term aracısız
Media type code n
Source rdamedia
338 ## - TAŞIYICI TÜRÜ
Carrier type term cilt
Carrier type code nc
Source rdacarrier
490 1# - DİZİ BİLDİRİMİ
Dizi Bildirimi Milli Eğitim Gençlik ve Spor Bakanlığı yayınları ;
Cilt Numarası 325.
490 1# - DİZİ BİLDİRİMİ
Dizi Bildirimi bilim ve kültür eserleri dizisi ;
Cilt Numarası 14.
490 1# - DİZİ BİLDİRİMİ
Dizi Bildirimi Atatürk Dizisi ;
Cilt Numarası 2.
500 ## - GENEL NOT
Genel Not 1. cilt: Atatürk'ün görüş ve direktifleri.
500 ## - GENEL NOT
Genel Not 2. cilt: Atatürk ve Atatürkçülüğe ilişkin makaleler.
500 ## - GENEL NOT
Genel Not 3. cilt: Atatürkçü düşünce sistemi.
650 #0 - KONU BAŞLIĞI EK GİRİŞ - KONU TERİMİ
Konusal terim veya coğrafi ad Atatürkçülük.
9 (RLIN) 51456
830 1# - SERİ EK GİRİŞİ - TEKBİÇİM ESER ADI
Tekbiçim Başlık Milli Eğitim Gençlik ve Spor Bakanlığı yayınları ;
Volume number/sequential designation 325.
9 (RLIN) 28057
830 1# - SERİ EK GİRİŞİ - TEKBİÇİM ESER ADI
Tekbiçim Başlık bilim ve kültür eserleri dizisi ;
Volume number/sequential designation 14.
9 (RLIN) 7829
830 1# - SERİ EK GİRİŞİ - TEKBİÇİM ESER ADI
Tekbiçim Başlık Atatürk Dizisi ;
Volume number/sequential designation 2.
9 (RLIN) 6363
907 ## - LOCAL DATA ELEMENT G, LDG (RLIN)
a Tarih
942 ## - EK GİRİŞ ÖGELERİ (KOHA)
Source of classification or shelving scheme Library of Congress Classification
Koha item type Book
Holdings
Materyal Türü Kalıcı Konum Mevcut Konum Sınıflandırma Kaynağı Edinim Bilgisi Ana Konular Alt Konular Yer Numarası Cilt Bilgisi Demirbaş Numarası Fatura Tarihi Geri Çekilme Durumu Kayıp Durumu Hasarlı Durumu Kredi için değil Kayıt Tarih Toplam Ödünçverme Son Görülme Tarihi Son Kontrol Tarihi Genel / Bağış Notu
Book BŞEÜ Pazaryeri MYO Kütüphanesi BŞEÜ Pazaryeri MYO Kütüphanesi Library of Congress Classification Bağış DÜNYA TARİHİ (AVRUPA, ASYA, AFRİKA VB.) Balkan Yarımadası DR592.A8 A83 1998 c.2 0025603 02/02/2026         06/12/2010   05/12/2024 05/12/2024 Genel Bağış